Sekizinci Milli Eğitim Şûrası 28 Eylül- 3 Ekim 1970 : (Record no. 17470)
| 000 -BAŞLIK | |
|---|---|
| Sabit Uzunluktaki Kontrol Alanı | 01130nam a22003377a 4500 |
| 001 - KONTROL NUMARASI | |
| Control Dosyası | 0017513 |
| 003 - KONTROL NUMARASI KİMLİĞİ | |
| Kontrol Alanı | KOHA_MİRAKIL |
| 005 - EN SON İŞLEM TARİHİ ve ZAMANI | |
| Kontrol Alanı | 20260207002143.0 |
| 007 - FİZİKSEL TANIM SABİT ALAN - GENEL BİLGİ | |
| Sabit uzunluklu kontrol alanı | ta |
| 008 - SABİT UZUNLUKTAKİ VERİ ÖGELERİ - GENEL BİLGİ | |
| Sabit Alan | 100524b1991 tu |||gro|||#1|||0|tur | |
| 020 ## - ISBN - ULUSLARARASI STANDART KİTAP NUMARASI | |
| Kullanılabilirlik koşulları | 0,01 |
| 040 ## - KATALOGLAMA KAYNAĞI | |
| Özgün Kataloglama Kurumu | TR-BiSEU |
| Kataloglama Dili | tur |
| Çeviri Kurumu | TR-BiSEU |
| Açıklama Kuralları | rda |
| 041 0# - DİL KODU | |
| Metin ya da ses kaydının dil kodu | tur |
| 044 ## - YAYINLAYAN/ÜRETEN KURULUŞUN ÜLKE KODU | |
| ISO country code | tu |
| 050 ## - SINIFLAMA ve YER NUMARASI | |
| Sınıflama Numarası | LA942 |
| Yer Numarası | .M55 1991 |
| 111 2# - TOPLANTI ADI | |
| Toplantı Adı | Milli Eğitim Şûrası (8. : 1970 : Ankara) |
| 9 (RLIN) | 40681 |
| 245 1# - ESER ADI BİLDİRİMİ | |
| Başlık | Sekizinci Milli Eğitim Şûrası 28 Eylül- 3 Ekim 1970 : |
| Alt Eseradı vb. | Esaslar Raporlar Kararlar. |
| 264 #1 - ÜRERİM, YAYIN, DAĞITIM ve TELİF BİLDİRİMİ | |
| Yayın yeri | İstanbul : |
| Yayınlayan | Milli Eğitim Bakanlığı |
| Yayın tarihi | 1991 |
| 300 ## - FİZİKSEL TANIMLAMA | |
| Sayfa, Cilt vb. | 268 sayfa: tpkbsm; 24 cm. |
| 336 ## - İÇERİK TÜRÜ | |
| Content type term | metin |
| Content type code | txt |
| Source | rdacontent |
| 337 ## - MEDYA TÜRÜ | |
| Media type term | aracısız |
| Media type code | n |
| Source | rdamedia |
| 338 ## - TAŞIYICI TÜRÜ | |
| Carrier type term | cilt |
| Carrier type code | nc |
| Source | rdacarrier |
| 490 1# - DİZİ BİLDİRİMİ | |
| Dizi Bildirimi | Milli Eğitim Bakanlığı Yayınları ; |
| Cilt Numarası | 2315. |
| 490 1# - DİZİ BİLDİRİMİ | |
| Dizi Bildirimi | Tanıtıcı Yayınlar Dizisi ; |
| Cilt Numarası | 60 |
| 650 #0 - KONU BAŞLIĞI EK GİRİŞ - KONU TERİMİ | |
| Konusal terim veya coğrafi ad | Eğitim--Türkiye--Kongreler. |
| 9 (RLIN) | 6008 |
| 650 #0 - KONU BAŞLIĞI EK GİRİŞ - KONU TERİMİ | |
| Konusal terim veya coğrafi ad | Eğitim, İlk--Türkiye--Kongreler. |
| 9 (RLIN) | 40682 |
| 830 1# - SERİ EK GİRİŞİ - TEKBİÇİM ESER ADI | |
| Tekbiçim Başlık | Milli Eğitim Bakanlığı Yayınları ; |
| Volume number/sequential designation | 2315. |
| 9 (RLIN) | 17955 |
| 830 1# - SERİ EK GİRİŞİ - TEKBİÇİM ESER ADI | |
| Tekbiçim Başlık | Tanıtıcı Yayınlar Dizisi ; |
| Volume number/sequential designation | 60 |
| 9 (RLIN) | 40683 |
| 907 ## - LOCAL DATA ELEMENT G, LDG (RLIN) | |
| a | Kongre |
| 942 ## - EK GİRİŞ ÖGELERİ (KOHA) | |
| Source of classification or shelving scheme | Library of Congress Classification |
| Koha item type | Book |
| Materyal Türü | Kalıcı Konum | Mevcut Konum | Raf Yeri | Sınıflandırma Kaynağı | Edinim Bilgisi | Ana Konular | Alt Konular | Yer Numarası | Demirbaş Numarası | Fatura Tarihi | Geri Çekilme Durumu | Kayıp Durumu | Hasarlı Durumu | Kredi için değil | Kayıt Tarih | Toplam Ödünçverme | Son Görülme Tarihi | Son Kontrol Tarihi | Genel / Bağış Notu |
|---|---|---|---|---|---|---|---|---|---|---|---|---|---|---|---|---|---|---|---|
| Book | Prof. Dr. Azmi Özcan Kütüphanesi | Prof. Dr. Azmi Özcan Kütüphanesi | Uluğbey Salonu | Library of Congress Classification | Bağış | EĞİTİM | Eğitim Tarihi | LA942 .M55 1991 | 0017513 | 13/08/2010 | 24/05/2010 | 05/12/2024 | 05/12/2024 | Genel Bağış |
